000 00892cam a2200277 a 4500
003 EG-GiCUC
005 20250223032127.0
008 181202s1996 ua f m 000 0 eng d
040 _aEG-GiCUC
_beng
_cEG-GiCUC
041 0 _aeng
049 _aDeposite
097 _aM.Sc
099 _aCai01.11.10.M.Sc.1996.Sa.H
100 0 _aSahar Khairy Labib
245 1 0 _aHand eczema /
_cSahar Khairy Labib ; Supervised Hesham Zaher , Amr Rateb
246 1 5 _aإكزيما اليد
260 _aCairo :
_bSahar Khairy Labib ,
_c1996
300 _a182 Leaves ;
_c30cm
502 _aThesis (M.Sc.) - Cairo University - Faculty of Medicine - Department of Dermatology and Venerology
700 0 _aAmr Rateb ,
_eSupervisor
700 0 _aHesham Zaher ,
_eSupervisor
856 _uhttp://172.23.153.220/th.pdf
905 _aNazla
_eRevisor
905 _aSamia
_eCataloger
942 _2ddc
_cTH
999 _c68873
_d68873